000 01823nam0a2200349 4500
001 RU\NLR\bibl\525433
005 20181022115925.0
010 _a5-7598-0270-4
_93000
021 _aRU
_b2004-22812
_91155
035 _a(NLR Aleph) 000517810
090 _a1273997
_c1273997
100 _a20030811d2004 u u0rusy50 ca
101 0 _arus
102 _aRU
105 _aa |||||||||
200 1 _aИсследование систем управления
_eУчеб. для студентов вузов
_fА.С. Малин, В.И. Мухин
_gГос. ун-т высш. шк. экономики
205 _a2-е изд.
210 _aМ.
_cГУ ВШЭ
_d2004
215 _a397, [2] с.
_cил.
_d22
300 _aНа 4-й с. обл. авт.: Малин А.С., к. воен. н., проф., чл.-кор. Акад. воен. н., Мухин В.И., засл. деят. науки Рос. Федерации, д. воен. н., к.т.н., проф., акад. Междунар. акад. информатизации
320 _aБиблиогр. в конце частей
606 0 _aСистемы управления
_jРуководства, пособия и т.п. для высшей школы
_91044877
_3RU\NLR\auth\6684948
606 0 _aСистемы управления
_jУчебники для высших учебных заведений
_91044877
_3RU\NLR\auth\6684948
686 _aУ21(0)03я73
700 1 _aМалин
_bА. С.
_gАнатолий Сергеевич
_4070
701 1 _4070
_7ca
_8rus
_aМухин
_bВ. И.
_cд-р воен. наук, канд. техн. наук
_f1936-
_gВладимир Иванович
_92826
_3RU\NLR\AUTH\7719755
801 0 _aRU
_bNLR
_c20040531
_gPSBO
801 1 _aRU
_bNLR
_c20040531
942 _cBOOK
980 _aNB